Könyvek a garázsban, képek a folyóson
Elmentve itt :
| Szerzők: | |
|---|---|
| Dokumentumtípus: | Cikk |
| Megjelent: |
1974-12-21
|
| Sorozat: | Délmagyarország
64 No. 298 |
| Kulcsszavak: | Somogyi-könyvtár, Tarján |
| Online Access: | http://dmarchiv.bibl.u-szeged.hu/102478 |
| LEADER | 00506nab a2200169 i 4500 | ||
|---|---|---|---|
| 001 | delm102478 | ||
| 005 | 20190408142358.0 | ||
| 008 | 190408s1974 hu o 0|| hun d | ||
| 040 | |a SZTE Délmagyarország Archívum |b hun | ||
| 041 | |a hun | ||
| 100 | 1 | |a Tandi Lajos | |
| 245 | 1 | 0 | |a Könyvek a garázsban, képek a folyóson |h [elektronikus dokumentum] / |c Tandi Lajos |
| 260 | |c 1974-12-21 | ||
| 300 | |a 5 | ||
| 490 | 0 | |a Délmagyarország |v 64 No. 298 | |
| 695 | |a Somogyi-könyvtár, Tarján | ||
| 700 | 0 | 2 | |a Ács S. Sándor |e aut |